| 000 | 00650nam a2200193 i 4500 | ||
|---|---|---|---|
| 001 | 19850 | ||
| 003 | ES-MaACL | ||
| 005 | 20230906152157.0 | ||
| 007 | t| | ||
| 008 | 021022s1917 sp ||||1| spa d | ||
| 080 | _a821.134.2-23"19" | ||
| 100 | 1 |
_aÁlvarez Quintero, Serafín, _d1871-1938 _9226443 |
|
| 245 | 1 | 0 |
_aLo que tú quieras _b: paso de comedia / _cSerafín y Joaquín Alvarez Quintero. |
| 260 |
_aMadrid : _b[s.n.], _c1917 ( _fImp. Clásica Española) |
||
| 300 |
_a22 p. ; _c18 cm. |
||
| 700 | 1 |
_aÁlvarez Quintero, Joaquín, _d1873-1944 _920922 |
|
| 852 |
_aES-MaACL _jF-8664(3) _q. - Encuadernado con otras obras |
||
| 999 |
_c19850 _d19850 |
||